• 首页
  • 本馆介绍
  • 公告通知
  • 最新文献
  • 馆藏检索
  • 电子资源
  • 读者导购
  • 参考咨询
  • 我的图书馆
  • 登录
  • 详细信息显示
  • 放入我的书架
  • 预约/预借图书
  • 作者相关作品
  • 分类相关作品
  • 丛书相关作品
  • 出版社相关作品

书目信息

  • 表格格式
  • 工作单格式
  • 卡片格式
题名:
数据结构
    
 
作者: 刘小晶 , 杜选 主编
分册:  
出版信息: 北京   清华大学出版社  2015.04
页数: 11, 389页
开本: 26cm
丛书名:
单 册:
中图分类: TP311.12 , TP312JA-43
科图分类:
主题词: 数据结构--shu ju jie gou--JAVA语言--程序设计--高等学校--教材
电子资源:
ISBN: 978-7-302-38944-6
000 01106nam0 2200301 450
001 2058980757
005 20201125164227.85
010    @a978-7-302-38944-6@dCNY59.80
100    @a20150712e20202015em y0chiy50 ea
101 0  @achi
102    @aCN@b110000
105    @ay az 000yy
106    @ar
200 1  @a数据结构@9shu ju jie gou@eJava语言描述@f刘小晶, 杜选主编
205    @a2版
210    @a北京@c清华大学出版社@d2015.04@h2020.09
215    @a11, 389页@d26cm
307    @a实际页数为:390
320    @a有书目(第390页)
330    @a本书共9章,可分成两大部分。第一部分主要介绍线性表、栈、队、列、串、数组、树和图等基本数据结构的特点、存储方式、运算原理、实现方法以及它们在现实中的典型应用;第二部分主要讨论查找与排序这两种最常用操作的实现原理、方法及性能分析。
517 1  @aJava语言描述@9Java yu yan miao shu
606 0  @a数据结构@9shu ju jie gou@xJAVA语言@x程序设计@x高等学校@j教材
690    @aTP311.12@v5
690    @aTP312JA-43@v5
701  0 @a刘小晶@9liu xiao jing@4主编
701  0 @a杜选@9du xuan@4主编
801  0 @aCN@bBJSZM@c20201125
905    @b1245976-9@dTP311.12@e1677=2@f4
    
    数据结构:Java语言描述/刘小晶, 杜选主编.-2版.-北京:清华大学出版社,2015.04(2020.09)
    11, 389页;26cm
    
    
    ISBN 978-7-302-38944-6:CNY59.80
    本书共9章,可分成两大部分。第一部分主要介绍线性表、栈、队、列、串、数组、树和图等基本数据结构的特点、存储方式、运算原理、实现方法以及它们在现实中的典型应用;第二部分主要讨论查找与排序这两种最常用操作的实现原理、方法及性能分析。
●
相关链接 在E读中查询图书 在五车中查询图书 在当当中查询图书 在豆瓣中查询图书


正题名:数据结构     索取号:TP311.12/1677=2         预约/预借

序号 登录号 条形码 馆藏地/架位号 状态 备注
1 1245976   212459766   第二样本阅览室/ [索取号:TP311.12/1677=2] 在馆    
2 1245977   212459775   第三借阅区/ [索取号:TP311.12/1677=2] 在馆    
3 1245978   212459784   第三借阅区/ [索取号:TP311.12/1677=2] 在馆    
4 1245979   212459793   第三借阅区/ [索取号:TP311.12/1677=2] 在馆    
欢迎您!
大连网信软件有限公司© 版权所有